000 00580nam a2200193Ia 4500
005 20250508163009.0
008 008 250505s9999 xx 000 0 eng d
020 _a0-19-437071-2
037 _aTextual
040 _aFEDL
_beng
_cFEDL
041 _aeng
_2eng
084 _a428, WIL
_qFEDL
100 _aWilkins D A
_968561
245 0 _aNational syllabuses: A taxonomy and this relevance to foreign language curriculum development
260 _aOxford
_bOxford University Press
_c1976
300 _a91p.
942 _cTEXL
_h428, WIL
999 _c1380018
_d1380018